|
|
|
|
| LEADER |
01111nam a2200253 i 4500 |
| 001 |
10097184 |
| 003 |
GR-PaULI |
| 005 |
20220113111246.0 |
| 008 |
210514s2019 gr g d gre d |
| 952 |
|
|
|0 0
|1 0
|2 ddc
|4 0
|6 812_520000000000000_ONE
|7 0
|9 325171
|a THST
|b THST
|d 2021-05-14
|i 015684
|l 0
|o 812.52 ONE
|p 025000274939
|r 2021-05-14 00:00:00
|t 1
|w 2021-05-14
|y BK15
|
| 999 |
|
|
|c 182675
|d 182675
|
| 020 |
|
|
|a 9789603354239
|
| 040 |
|
|
|a GR-PaULI
|c GR-PaULI
|b gre
|e AACR2
|
| 041 |
1 |
|
|a gre
|h eng
|
| 082 |
0 |
4 |
|a 812.52
|2 23
|
| 100 |
1 |
|
|a O'Neill, Eugene,
|d 1888-1953
|e συγγραφέας
|9 86265
|
| 245 |
1 |
0 |
|a Πέρα απ' τον ορίζοντα /
|c Ευγένιος Ο' Νηλ ; μετάφραση - εισαγωγή Κωνσταντίνος Κυριακού.
|
| 260 |
|
|
|a Αθήνα :
|b Ηριδανός,
|c 2019.
|
| 300 |
|
|
|a 197 σ. ;
|c 21 εκ.
|
| 650 |
|
4 |
|a Αμερικανικό δράμα
|y 20ός αιώνας
|9 6024
|
| 700 |
1 |
4 |
|9 138415
|a Κυριακού, Κωνσταντίνος
|e μεταφραστής
|e συγγραφέας εισαγωγής
|
| 760 |
1 |
|
|a Θέατρο
|
| 942 |
|
|
|2 ddc
|c BK15
|
| 998 |
|
|
|c ΜΑΝΙΑ
|d 2021-05
|